| 000 | 00989cam a2200277 a 4500 | ||
|---|---|---|---|
| 999 |
_c2046 _d2046 |
||
| 001 | 16925178 | ||
| 003 | OSt | ||
| 005 | 20230302160615.0 | ||
| 008 | 110818s2011 nyua 000 0 eng | ||
| 010 | _a 2011936869 | ||
| 020 | _a9781442422339 (paper over board) | ||
| 040 |
_aDLC _cDLC _dKH8 |
||
| 042 | _apcc | ||
| 082 | _aFIC RUS | ||
| 100 | 1 |
_aRussell, Rachel Renée. _eauthor |
|
| 245 | 1 | 0 |
_aHow to dork your diary / _cRachel Renee Russell. |
| 260 |
_aNew York : _bAladdin, Simon and Schuster Childrens Pub., _c2011. |
||
| 300 |
_a184 p. : _bill. ; _c21 cm. |
||
| 490 | 0 |
_aDork diaries ; _v[3 1/2] |
|
| 521 | 1 | _aAges 9-13. | |
| 650 | 0 |
_aDiaries _vJuvenile literature. |
|
| 650 | 0 |
_aInstruction _vHandbooks, manuals, etc. _vJuvenile literature. |
|
| 906 |
_a7 _bcbc _corignew _d2 _eepcn _f20 _gy-gencatlg |
||
| 942 |
_2ddc _cFIC |
||